000 01894nam a22002537a 4500
003 NALT
005 20240708120429.0
008 240111b th ||||| |||| 00| 0 tha d
040 _aNALT
090 _aIS 14/2565 ก.8
110 2 _962569
_aนักศึกษาสถาบันพระปกเกล้า หลักสูตรการพัฒนานักบริหารระดับสูง สำหรับข้าราชการรัฐสภาสามัญ รุ่นที่ 14 กลุ่มที่ 8
245 1 0 _aแนวทางการประเมินผลสัมฤทธิ์ด้านการตรากฎหมายของฝ่ายนิติบัญญัติ :
_bศึกษาเฉพาะกรณีของวุฒิสภา /
_cนักศึกษาสถาบันพระปกเกล้า หลักสูตรการพัฒนานักบริหารระดับสูง สำหรับข้าราชการรัฐสภาสามัญ รุ่นที่ 14 กลุ่มที่ 8 ; สถาบันพระปกเกล้า.
260 _aกรุงเทพฯ :
_bสถาบันพระปกเกล้า,
_c2566.
300 _a110 หน้า :
_bภาพประกอบ, ตาราง ;
_c29 ซม.
650 4 _928795
_aการยกร่างกฎหมาย
650 4 _962622
_aกฎหมาย
_zไทย
_xการประมวลผล
710 2 _92339
_aสถาบันพระปกเกล้า
850 _aNALT
942 _cIS
_2local
996 _achunbijaya.r
_bCATSTF
_c2024-01-11
996 _asaiphon.d
_bCATSTF
_c2024-01-18
999 _c104214
_d104214
998 _j8
_k นายบัณฑิต อุทาวงค์